| 000 | 00737nam a22002417a 4500 | ||
|---|---|---|---|
| 005 | 20220714161340.0 | ||
| 008 | 220714b ||||| |||| 00| 0 eng d | ||
| 020 | _a812300432X | ||
| 040 | _cAL | ||
| 041 | _aEnglish | ||
| 082 |
_223 _a050.954 _bINDI |
||
| 100 |
_aGovernment of India _949586 |
||
| 245 | _aIndia 1995:A Reference Annual | ||
| 260 |
_aNew Delhi _bMinistry of information and broadcasting Governmentt of India _c1996 |
||
| 300 |
_a951 p. _bPB _c24x16 cm. |
||
| 365 |
_c₹ _d₹225.00 |
||
| 650 |
_aJustice and law _949587 |
||
| 650 |
_aLand and the People _949588 |
||
| 650 |
_aFood and civil Supplies _949589 |
||
| 650 |
_aIndia and the World _949590 |
||
| 700 |
_aINDIA (Government of) _949591 |
||
| 942 |
_2ddc _cGF |
||
| 999 |
_c223790 _d223790 |
||